| 000 | 00357nam a2200145Ia 4500 | ||
|---|---|---|---|
| 008 | 210210b1996 xxu||||| |||| 00| 0 eng d | ||
| 082 | _a181.4 KRIL | ||
| 100 | _aKRISHNAMURTI (J). | ||
| 245 | _aLife ahead. | ||
| 260 |
_aMadras _bKrishnamurti Foundation _c1996 |
||
| 300 | _a183 | ||
| 650 | _aLife ahead | ||
| 690 | _aIndian Philosophy | ||
| 906 | _aSG03370 | ||
| 999 |
_c114346 _d114346 |
||